000 00262nam a2200109Ia 4500
008 200302s9999 xx 000 0 und d
100 _aCarla Breeze
245 _aArchitecture The New Modern
260 _bPBC International Inc.,
260 _c1995
300 _a187 P.,
999 _c991
_d991